Выбор размеров образцов при определении температуропроводности оптического кварцевого стекла методом лазерного импульса; Теплофизические основы энергетических технологий

Bibliographic Details
Parent link:Теплофизические основы энергетических технологий.— 2014.— [С. 186-192]
Main Author: Кац М. Д. Марк Давыдович
Corporate Author: Национальный исследовательский Томский политехнический университет (ТПУ) Энергетический институт (ЭНИН) Кафедра автоматизации теплоэнергетических процессов (АТП)
Summary:Заглавие с экрана
Language:Russian
Published: 2014
Subjects:
Online Access:http://earchive.tpu.ru/handle/11683/23323
http://www.lib.tpu.ru/fulltext/c/2014/C02/040.pdf
Format: MixedMaterials Electronic Book Chapter
KOHA link:https://koha.lib.tpu.ru/cgi-bin/koha/opac-detail.pl?biblionumber=613838

MARC

LEADER 00000naa2a2200000 4500
001 613838
005 20240112172657.0
035 |a (RuTPU)RU\TPU\conf\11995 
035 |a RU\TPU\conf\11994 
090 |a 613838 
100 |a 20150902d2014 k y0rusy50 ca 
101 0 |a rus 
102 |a RU 
105 |a y z 100zy 
135 |a drgn ---uucaa 
181 0 |a i  
182 0 |a b 
200 1 |a Выбор размеров образцов при определении температуропроводности оптического кварцевого стекла методом лазерного импульса  |f М. Д. Кац 
203 |a Текст  |c электронный 
215 |a 1 файл (434 Кб) 
300 |a Заглавие с экрана 
320 |a [Библиогр.: с. 191-192 (12 назв.)] 
337 |a Adobe Reader 
463 1 |0 (RuTPU)RU\TPU\conf\11903  |t Теплофизические основы энергетических технологий  |o сборник статей V Всероссийской научной конференции с международным участием, 15-17 октября 2014 г., г. Томск  |f Национальный исследовательский Томский политехнический университет (ТПУ), Энергетический институт (ЭНИН) ; под ред. Г. В. Кузнецова [и др.]  |v [С. 186-192]  |d 2014 
610 1 |a электронный ресурс 
610 1 |a труды учёных ТПУ 
610 1 |a размеры 
610 1 |a температуропроводность 
610 1 |a оптические стекла 
610 1 |a кварцевые стекла 
610 1 |a лазерные импульсы 
700 1 |a Кац  |b М. Д.  |c специалист в области теплоэнергетики  |c доцент Томского политехнического университета, кандидат физико-математических наук  |f 1947-  |g Марк Давыдович  |3 (RuTPU)RU\TPU\pers\25527  |9 11457 
712 0 2 |a Национальный исследовательский Томский политехнический университет (ТПУ)  |b Энергетический институт (ЭНИН)  |b Кафедра автоматизации теплоэнергетических процессов (АТП)  |3 (RuTPU)RU\TPU\col\18678 
801 1 |a RU  |b 63413507  |c 20101016 
801 2 |a RU  |b 63413507  |c 20210317  |g RCR 
856 4 |u http://earchive.tpu.ru/handle/11683/23323 
856 4 |u http://www.lib.tpu.ru/fulltext/c/2014/C02/040.pdf 
942 |c BK